Income Tax Ready Reckner 2011-2012 (Record no. 32578)

MARC details
000 -LEADER
fixed length control field 00423nam a2200169Ia 4500
008 - FIXED-LENGTH DATA ELEMENTS--GENERAL INFORMATION
fixed length control field 220531s9999 xx 000 0 und d
041 ## - LANGUAGE CODE
Language code of text/sound track or separate title eng
082 ## - DEWEY DECIMAL CLASSIFICATION NUMBER
Classification number 336.24
Item number INC / MEH
100 ## - MAIN ENTRY--PERSONAL NAME
Personal name Mehta, N. V.
9 (RLIN) 56542
245 ## - TITLE STATEMENT
Title Income Tax Ready Reckner 2011-2012
260 ## - PUBLICATION, DISTRIBUTION, ETC. (IMPRINT)
Place of publication, distribution, etc. Mumbai
Name of publisher, distributor, etc. Shri Kuber
Date of publication, distribution, etc. 2012
300 ## - PHYSICAL DESCRIPTION
Extent 352
542 ## - INFORMATION RELATING TO COPYRIGHT STATUS
Copyright holder 07-06-2011
650 ## - SUBJECT ADDED ENTRY--TOPICAL TERM
Topical term or geographic name as entry element Economics
9 (RLIN) 56543
906 ## - LOCAL DATA ELEMENT F, LDF (RLIN)
d 2011-2012
Holdings
Withdrawn status Lost status Source of classification or shelving scheme Damaged status Not for loan Collection code Home library Current library Date acquired Vendor Cost, normal purchase price Total Checkouts Total Holds Full call number Barcode Date last seen Bill Date Koha item type Original Barcode
    Dewey Decimal Classification       Shri Siddhivinayak Mahila Mahavidyalaya Shri Siddhivinayak Mahila Mahavidyalaya 07/06/2011 Diamand 510.00   1 336.24/INC/MEH/B/13579 SSMM-BK-13579 06/08/2022 06/08/2022 Books 010013579